Missing Word: The Middle Word II Quiz Stats

 Plays Quiz Updated Nov 14, 2014

Challenge
Share
Tweet
Embed
Score 0/30 Timer 04:00
0 Plays Today
Incomplete Phrases Middle Word % Correct
Cry ____ SitterBaby
96.4%
Volley ____ GownBall
95.4%
Fool's ____ RushGold
93.6%
Middle _____ QuakeEarth
92.3%
Quantum ____ YearLeap
91.3%
Acid ____ ForestRain
89.4%
Coal ____ FieldMine
87.7%
Greeting ____ BoardCard
87.1%
Kidney _____ AgeStone
84.8%
Passion _____ FlyFruit
80.6%
Optimus _____ TimePrime
79.8%
Bitter _____ HeartSweet
76.4%
Spider ___ SiteWeb
74.4%
Salt _____ MelonWater
73.1%
Bowling _____ CatAlley
70.5%
Incomplete Phrases Middle Word % Correct
The Mindy _______ XProject
70.4%
Grave ____ StickYard
68.6%
Common ____ SoreCold
66.8%
Baked ______ FaminePotato
62.7%
Vampire ___ ManBat
59.2%
Brown _____ DaddySugar
58.2%
Baseball _______ RingDiamond
56.9%
Book ____ HoleWorm
56%
Cart _____ ChairWheel
44.4%
Wedding ____ ToneRing
44.2%
Car _____ CourseCrash
39.3%
Black ______ MintPepper
38.8%
Best ______ ShipFriend
29.8%
Play ______ HogGround
25.2%
Long ____ GlassShot
11.3%

Today's Daily Dose

You're not logged in!

Compare scores with friends on all Sporcle quizzes.
OR
Log In

You Might Also Like...

Show Comments

Extras

Top Quizzes Today


Score Distribution

Your Account Isn't Verified!

In order to create a playlist on Sporcle, you need to verify the email address you used during registration. Go to your Sporcle Settings to finish the process.

Report this User

Report this user for behavior that violates our Community Guidelines.

Details: